लोड हो रहा है...

The management skills manual

ग्रंथसूची विवरण
मुख्य लेखक: Greenall, Anthony, et.al
स्वरूप: Printed Book
प्रकाशित: Penguin Books: New Delhi 2003
विषय:
LEADER 00550nam a2200193 4500
020 |c 495 
082 |a 658 GRE 
100 |a Greenall, Anthony, et.al. 
245 |a The management skills manual  |c Greenall, Anthony, et.al. 
250
260 |a Penguin Books: New Delhi  |c 2003 
300 |a 477 p 
490
500
590 |a Classic Books  |b 441; 26/11/03 
650 |a Management 
942 |c BK 
999 |c 137641  |d 137641 
952 |0 0  |1 0  |4 0  |6 658_000000000000000_GRE  |7 0  |9 151101  |a IMK  |b IMK  |g 495.00  |l 0  |o 658 GRE  |p IMK04647  |r 2019-10-25  |w 2019-10-25  |y BK